000 00492nam a22001337a 4500
040 _cNUST
082 _a220 PRO
100 _aARIBA QURESHI MUHAMMAD AHMED KHAN NEESA MOHSIN ZOHAIR AHSAN RAJA
_9131460
110 _aSUPERVISOR DR IMRAN SHAFI CO-SUPERVISOR DR HASAN AFTAB SAEED
_9131461
245 _aPR-SOF-2482-Design, analysis fabrication of a testing jig for NDT of trsnstibial prostheses
260 _aISLAMABAD:
_bNUST COLLEGE OF EME,
_c2025.
650 _2DE-MECH-43
942 _2ddc
_cPR
999 _c615220
_d615220